000 00626nam a2200181Ia 4500
003 GCL
008 140319s9999 xx 000 0 ara d
040 _aGCL /
_cGCL
082 0 4 _a792
_bو ع
100 1 _aوزارة الثقافة
245 1 0 _aعشر سنوات - ارقام وحقائق 1990-2000 :
_b1990 - 2000 /
_cوزارة الثقافة
260 _aالقاهرة :
_bمطابع دار الجمهورية ،
_c2000
300 _a166 ص ؛
_c24 سم
650 0 4 _aالمسرح والمجتمع
650 0 4 _aالمسرح والدولة
650 0 4 _aالمسرح القومى - القاهرة
942 _2ddc
_cBK
999 _c3201
_d3201